| 000 | 00812nam a2200217 a 4500 | ||
|---|---|---|---|
| 001 | 84942 | ||
| 003 | BD-RjUL | ||
| 005 | 20250518163316.0 | ||
| 008 | 250518s1990 bg ||||| |||| 00| 0 ben d | ||
| 035 | _a(BD-RjUL)84942 | ||
| 040 |
_aBD-RjUL _beng _cBD-RjUL |
||
| 041 | _aben | ||
| 082 |
_223 _a327 _bKAA 1990 |
||
| 100 |
_aকালাম, আবুল _915507 |
||
| 245 |
_aআন্তর্জাাতিক সম্পর্ক : _bতত্ত্বীয় ও বাস্তবরুপ / _cআবুল কালাম |
||
| 260 |
_aঢাকা : _bবাংলা একাডেমী, _c১৯৯০ |
||
| 300 |
_a২১৪ পৃ.; _c২২ সেমি. |
||
| 650 |
_aআন্তর্জাাতিক সম্পর্ক _915508 |
||
| 650 | _aInternational relations | ||
| 942 |
_2ddc _cBK |
||
| 999 |
_c84942 _d84942 |
||